000 00836nam a22002897a 4500
003 CHAP
005 20220329135241.0
008 971013s1957 r 10010 d
010 _a33299
011 _a34271
035 _a38387
040 _cCHAP
090 _aFolleto 5581
111 0 0 _aNutrition Committee for South and Last Asia (
_n4
_d: 1956
_c: Tokyo)
_982291
245 _aReport
260 _aRome :
_bFAO,
_c1957
300 _a48 p.
590 _aBATCH-UPD
_b10
_c20130110
_lUCH01
_h1756
590 _aBATCH-UPD
_b10
_c20130410
_lUCH01
_h1133
590 _aBATCH-UPD
_b10
_c20130914
_lUCH01
_h0408
590 _aCONVERSION
_b10
_c20130109
_lUCH01
_h1319
650 1 4 _aArroz
_xValor nutritivo.
_97667
650 1 4 _aNutrición.
_982246
901 _aBK
942 _cFOLL
949 _aFolleto 5581
_bBC
_cFOLL
_d-87809
_eTS1
_i38387
_si
999 _c33299
_d33299